Normal view
MARC view
- Dwellings
Entry Geographic Name
001 - CONTROL NUMBER
- control field: 120565
003 - CONTROL NUMBER IDENTIFIER
- control field: NUST
005 - DATE AND TIME OF LATEST TRANSACTION
- control field: 20240215125135.0
008 - FIXED-LENGTH DATA ELEMENTS
- fixed length control field: 240215|| aca||aabn | a|a d
040 ## - CATALOGING SOURCE
- Original cataloging agency: NUST
- Transcribing agency: NUST
151 ## - HEADING--GEOGRAPHIC NAME
- Geographic name: Dwellings
670 ## - SOURCE DATA FOUND
- Source citation: Work cat.: (NUST): Stimmann, Hans 120564, Construction and Design Manual:, 2011.
